Responses for show #4760 - Friday, April 22, 2005

2005 Ultimate Tournament of Champions Round 2, game 8.

Contestants

Michael Dupée, an attorney from Gainesville, Florida

Eugene Finerman, a writer from Northbrook, Illinois

Robert Slaven, a technical products specialist originally from Yellowknife, Northwest Territories, Canada

Jeopardy! Round responses

METEOROLOGY
HITCHCOCK MOVIE QUOTES
(Alex: You have to ID the film, of course.)
ON AVERAGE
HIDDEN COUNTRIES
(Alex: We want you to identify the country whose name is hidden within our clue.)
DESIGN CLASSICS
TAKE "FIVE"
    $200 22
tornadoes

Michael
    $200 16
Psycho

Michael
    $200 12
(Lou) Gehrig

Michael
    $200 8
Vietnam (in SOVIET NAMES)

Michael
    $200 24
the Coca-Cola bottle

Robert
    $200 15
high five (gimme five accepted)

Eugene
    $400 23
humidity

Michael
    $400 27
Rear Window

Eugene
    $400 11
10

Robert
    $400 7
India (in IN DIALECT)

Robert
    $400 26
a shaker

Robert
    $400 17
Five Easy Pieces

Michael
    $600 3
(Robert: What are the Coastal Range?)

the Cascades

RobertMichael
    $600 28
North by Northwest

Robert
    $600 10
Florida

Robert
    $600 6
Lebanon (in WHOLESALE BAN ON)

Michael
    $600 13
the Jaguar

Michael
    $600 18
the Five Civilized Tribes

Michael
    $800 2
a monsoon

Michael
    $800 29
Rebecca

Michael
    $800 9
(Michael: What is the liver?)

the skin

RobertMichael
    $800 1
Nepal (in FINE PALACES)

Michael
    $1,000 14
Arts & Crafts

Michael
    $800 19
a five-line verse (a poem with five lines accepted)

Robert
    $1000 4
nor'easters

Michael
    $1000 30
Strangers on a Train

Eugene
    $1000 21
Miss America

Michael
    $1000 5
Gabon (in DOG A BONE)

Robert
    $1000 25
the Mixmaster

Robert
    $1000 20
The Five Orange Pips

Triple Stumper

Scores at the first commercial break (after clue 14):

Robert Eugene Michael
$2,600 $0 $5,000

Scores at the end of the Jeopardy! Round:

Robert Eugene Michael
$5,600 $1,600 $8,600

Double Jeopardy! Round responses

ENGLISH LIT
ATHLETES
INTERNATIONAL "C"UISINE
SHOW ME THE MONEY SLANG
THE NEW YORKERS
NICKS & RANGERS
    $400 24
Howards End

Michael
    $400 30
Freddy Adu

Triple Stumper
    $400 23
cream

Robert
    $400 11
(Michael: What are... jacks?)

bucks

RobertMichael
    $400 26
Woody Allen

Eugene
    $400 28
the Lone Ranger

Robert
    $800 25
Disraeli

Michael
    $800 29
(Janet) Guthrie

Michael
    $800 13
caviar

Michael
    $800 12
dough

Robert
    $800 27
(John) Jay

Michael
    $800 21
Nicholas Nickleby

Michael
    $1200 6
(Kenneth) Grahame

Michael
    $1200 15
Jeff Bagwell

Triple Stumper
    $1200 2
(Robert: What are crabs?)

crawfish (or crayfish)

RobertMichael
    $1200 7
Bean

Michael
    $1200 18
Moynihan

Eugene
    $1200 20
Nick Adams

Eugene
    $1600 1
(Eugene: I would liketh ENGLISH LIT for $1600, please.)

a rocking horse

Robert
    $1600 14
the Khan family

Triple Stumper
    $1600 3
carob

Robert
    $1,100 8
(Alex: Yes, Robert gave that a little while ago.)

clams

Michael
    $1600 16
(Michael: Who is Tweed?)

DeWitt Clinton

EugeneMichael
    $1600 10
the Sea of Tranquility

Robert
    $2000 5
(Christopher) Isherwood

Michael
    $2000 22
Cheryl Miller

Michael
    $2000 4
cheese

Eugene
    $2000 9
bones

Michael
    $5,200 17
(Alex: If you made it a True Daily Double, Eugene, and responded correctly, you and Robert would be tied in second place.)
(Eugene: Do I have a choice? All of it.)
[Applause]
(Alex: All right. You do have a choice, but it's a gutsy move, and the folks approve.)
...
(Alex: You're right, and you're at $10,400.)
(Eugene: Can I have CPR now?)

Martin Van Buren

Eugene
    $2000 19
(Alex: You usually think of sci-fi and [*] in the same sentence.)
(Eugene: His gentile name.)

Isaac Asimov

Triple Stumper

Scores at the end of the Double Jeopardy! Round:

Robert Eugene Michael
$11,200 $13,200 $21,700

[wagering suggestions for these scores]

Final Jeopardy! Round responses

NEW LAWS
(Alex: Not in-laws, but...)
(Alex: One of the men is a senator; the other is a congressman. And we'll start with Robert. He's from Canada; does he know a lot about American politics?)
...
[Upon his response being revealed, Eugene waves.]
(Alex: Bye-bye, John of Gaunt.)
[ZergCam]
[Slaven clan 1]
[Slaven clan 2]
RobertWho are Sarbanes + Oxley
$11,200
EugeneWho are Feingold and McCain?
$13,200
MichaelWho are McCain Feingold?
$4,701
Sen. Paul Sarbanes & Rep. Michael Oxley

Final scores:

Robert Eugene Michael
$22,400 $0 $16,999
Winner: $22,400 + an advance to UToC Round 3 3rd place: $10,000 2nd place: $10,000

Game dynamics:

Coryat scores:

Robert Eugene Michael
$11,200 $10,000 $22,000
17 R,
2 W
9 R
(including 1 DD),
0 W
29 R
(including 2 DDs),
3 W

Combined Coryat: $43,200

The J! Archive is created by fans, for fans. The Jeopardy! game show and all elements thereof, including but not limited to copyright and trademark thereto, are the property of Jeopardy Productions, Inc. and are protected under law. This website is not affiliated with, sponsored by, or operated by Jeopardy Productions, Inc. Join the discussion at JBoard.tv.